000 00293nam a2200121Ia 4500
008 190216s9999||||xx |||||||||||||| ||und||
100 _aMukand Lal Gupta
245 0 _aHindi-Bharath Ratna Sammanit Vibhutiyan
260 _bShanti Books House
300 _a110
650 _aHindi
942 _cBK
999 _c16476
_d16476